[Event "Graz Casino Open 2014"]
[Site "Graz AUT"]
[Date "2014.02.14"]
[Round "1.28"]
[White "Hoebarth, Guenter"]
[Black "Spindelboeck, Gernot"]
[Result "0-1"]
[WhiteElo "1950"]
[BlackElo "2253"]
[WhiteFideId "1610198"]
[BlackFideId "1604511"]
[EventDate "2014.02.14"]

1. e4 e6 2. b3 d5 3. Bb2 dxe4 4. Nc3 Nf6 5. Qe2 Nbd7 6. g4 h6 7. h4 Nc5 8. Nh3
Bd7 9. g5 Nd5 10. Nxe4 Nxe4 11. Qxe4 Bc6 12. g6 Nf6 13. gxf7+ Kxf7 14. Qf4 Bxh1
15. Ng5+ hxg5 16. hxg5 Bd6 17. Qd4 Nh5 18. g6+ Kf8 19. O-O-O Bd5 20. c4 Bc6 21.
Re1 Qe7 22. Qg4 Nf6 23. Bxf6 Qxf6 24. Rxe6 Qf4 25. Qe2 Ba3+ 26. Kc2 Qf5+ 27. d3
Re8 0-1

[Event "Graz Casino Open 2014"]
[Site "Graz AUT"]
[Date "2014.02.14"]
[Round "1.29"]
[White "Sadilek, Peter"]
[Black "Luu, Duc Hai"]
[Result "1-0"]
[WhiteTitle "FM"]
[WhiteElo "2244"]
[BlackElo "1927"]
[WhiteFideId "1616439"]
[BlackFideId "12412228"]
[EventDate "2014.02.14"]

1. d4 d5 2. c4 Nf6 3. Nf3 c6 4. Nc3 e6 5. e3 Be7 6. Bd3 Nbd7 7. O-O O-O 8. e4
dxe4 9. Nxe4 Nxe4 10. Bxe4 Nf6 11. Bc2 c5 12. Bg5 cxd4 13. Qd3 g6 14. Rad1 Qb6
15. Qxd4 Qxd4 16. Rxd4 b6 17. Ne5 Kg7 18. Be4 Nxe4 19. Bxe7 Re8 20. Bh4 Nf6 21.
Rf4 Nd7 22. Rxf7+ Kg8 23. Rxd7 Bxd7 24. Nxd7 Kf7 25. Ne5+ Kg7 26. Rd1 Kh6 27. f4
Rf8 28. Bg5+ Kg7 29. Rd7+ Kg8 30. Ng4 Rfc8 31. Nf6+ 1-0

[Event "Graz Casino Open 2014"]
[Site "Graz AUT"]
[Date "2014.02.14"]
[Round "1.30"]
[White "Wittmann, Walter"]
[Black "von Lossow, Marcus"]
[Result "1-0"]
[WhiteTitle "IM"]
[WhiteElo "2218"]
[BlackElo "1803"]
[WhiteFideId "1600060"]
[BlackFideId "12942090"]
[EventDate "2014.02.14"]

1. e4 e5 2. Nf3 Nc6 3. Bb5 Nf6 4. O-O Nxe4 5. d4 Nd6 6. dxe5 Nf5 7. Re1 Be7 8.
Nc3 O-O 9. Nd5 a6 10. Bd3 d6 11. Nxe7+ Nfxe7 12. Bf4 dxe5 13. Nxe5 Nxe5 14. Bxe5
Be6 15. Qf3 c6 16. Rad1 Qc8 17. h3 Ng6 18. Bg3 Re8 19. a3 Bd5 20. Qh5 b5 21. h4
Rxe1+ 22. Rxe1 Qf8 23. Qg5 Re8 24. Rxe8 Qxe8 25. h5 h6 26. Qg4 Nf8 27. Qd4 Qe1+
28. Kh2 Qc1 29. Bf4 Ne6 30. Qxg7+ Kxg7 31. Bxc1 Ng5 32. f3 Ne6 33. Kg3 Nc5 34.
Be2 Be6 35. Kf4 f6 36. g4 Bd5 37. Ke3 Ne6 38. b3 Nd8 39. Bb2 Nf7 40. f4 Be6 41.
Bf3 Bd7 42. Kf2 Be8 43. Kg3 Bd7 44. Be4 Nd6 45. Bg6 Be8 46. Bd3 Nf7 47. Kh4 Bd7
48. Bd4 Be8 49. c4 Bd7 50. b4 Be8 51. c5 Bd7 52. Be4 Be8 53. Bf5 Nd8 54. g5
hxg5+ 55. fxg5 1-0

[Event "Graz Casino Open 2014"]
[Site "Graz AUT"]
[Date "2014.02.14"]
[Round "1.40"]
[White "Bachler, Reinhard"]
[Black "Szonyi, Bence"]
[Result "1-0"]
[WhiteElo "2205"]
[BlackElo "1699"]
[WhiteFideId "1600273"]
[BlackFideId "769304"]
[EventDate "2014.02.14"]

1. f4 d5 2. Nf3 Nf6 3. d3 e6 4. c3 Be7 5. Qc2 O-O 6. e4 c5 7. e5 Ne8 8. Be3 Nc6
9. Qf2 b6 10. d4 f6 11. Bb5 Bd7 12. Bxc6 Bxc6 13. dxc5 bxc5 14. Bxc5 Bxc5 15.
Qxc5 Qd7 16. Nbd2 Rc8 17. Nd4 fxe5 18. fxe5 Ba8 19. Qa3 g6 20. O-O-O Ng7 21.
Rhf1 Nf5 22. Nxf5 Rxf5 23. Rxf5 gxf5 24. Nf3 h6 25. Rd4 Rc4 26. Qa6 Rxd4 27.
Nxd4 Kf7 28. g3 h5 29. h4 Ke7 30. b4 Kf7 31. a4 Ke7 32. Kd2 Kf7 33. a5 Ke7 34.
Nb5 Bb7 35. Qd6+ Qxd6 36. Nxd6 Ba8 37. Ke3 Kd7 38. b5 a6 39. b6 Kc6 40. Kd4 Bb7
41. Nxb7 Kxb7 42. Kc5 1-0

[Event "Graz Casino Open 2014"]
[Site "Graz AUT"]
[Date "2014.02.15"]
[Round "2.1"]
[White "Ohme, Melanie"]
[Black "Istratescu, Andrei"]
[Result "0-1"]
[WhiteTitle "WGM"]
[BlackTitle "GM"]
[WhiteElo "2330"]
[BlackElo "2671"]
[WhiteFideId "4690745"]
[BlackFideId "1200372"]
[EventDate "2014.02.14"]

1. e4 g6 2. d4 Bg7 3. Nc3 c6 4. f4 d5 5. Nf3 dxe4 6. Nxe4 Nd7 7. Bd3 Ngf6 8. c3
Nxe4 9. Bxe4 c5 10. O-O O-O 11. Kh1 Qc7 12. Qe2 Nf6 13. Bc2 b6 14. dxc5 bxc5 15.
Ne5 e6 16. c4 Nd7 17. Be4 Bb7 18. Bxb7 Qxb7 19. Nxd7 Qxd7 20. Be3 Qc7 21. Rad1
Rfd8 22. b3 a5 23. Rxd8+ Rxd8 24. Rd1 Bd4 25. Rd2 h5 26. h3 a4 27. bxa4 Qa5 28.
Bxd4 cxd4 29. Qd1 Qc3 30. Rc2 Qe3 31. Qd2 d3 32. Rb2 Qd4 33. Rb4 e5 34. fxe5
Qxe5 35. Rb3 Qg3 36. Rb1 Re8 37. Qa5 Qf2 38. Rd1 Re2 39. Qa8+ Kg7 40. Qb7 d2 41.
Qb2+ Kh7 0-1

[Event "Graz Casino Open 2014"]
[Site "Graz AUT"]
[Date "2014.02.15"]
[Round "2.2"]
[White "Ragger, Markus"]
[Black "Danner, Georg"]
[Result "1-0"]
[WhiteTitle "GM"]
[BlackTitle "IM"]
[WhiteElo "2646"]
[BlackElo "2336"]
[WhiteFideId "1610856"]
[BlackFideId "1600303"]
[EventDate "2014.02.14"]

1. d4 Nf6 2. c4 e6 3. Nf3 Bb4+ 4. Bd2 Bxd2+ 5. Qxd2 b6 6. Nc3 Bb7 7. Qf4 Bxf3 8.
Qxf3 Nc6 9. e3 O-O 10. Bd3 e5 11. d5 Ne7 12. g4 d6 13. Rg1 Nd7 14. g5 f5 15.
gxf6 Nxf6 16. O-O-O Qd7 17. Rg5 Rf7 18. Rdg1 Raf8 19. Qxf6 Nxd5 20. Bxh7+ Kxh7
21. Qg6+ Kg8 22. Nxd5 1-0

[Event "Graz Casino Open 2014"]
[Site "Graz AUT"]
[Date "2014.02.15"]
[Round "2.3"]
[White "Melkumyan, Hrant"]
[Black "Petschar, Kurt"]
[Result "1-0"]
[WhiteTitle "GM"]
[BlackTitle "FM"]
[WhiteElo "2589"]
[BlackElo "2317"]
[WhiteFideId "13302485"]
[BlackFideId "1600478"]
[EventDate "2014.02.14"]

1. d4 d5 2. c4 c6 3. Nf3 Nf6 4. Nc3 e6 5. Bg5 dxc4 6. a4 c5 7. e3 Nc6 8. Bxc4
cxd4 9. exd4 Be7 10. O-O O-O 11. Re1 b6 12. Qd2 Bb7 13. Rad1 Nb4 14. Ne5 Nfd5
15. Bxe7 Qxe7 16. Bxd5 Nxd5 17. Nxd5 Bxd5 18. Re3 Qg5 19. f4 Qxf4 20. Rf1 Qg5
21. Qf2 Qe7 22. Rg3 f5 23. h4 Kh8 24. Qf4 Rac8 25. h5 Rf6 26. Rc3 Rxc3 27. bxc3
Qe8 28. a5 h6 29. c4 Be4 30. Ng6+ Kh7 31. axb6 axb6 32. Qe3 Qc6 33. Ne5 Qe8 34.
Qe2 Qd8 35. Rd1 Rf8 36. Ng6 Re8 37. Qf2 e5 38. Rd2 exd4 39. Rxd4 Qc7 40. Nf4 Qc5
41. Rd7 Qxf2+ 42. Kxf2 Kg8 43. g3 Rc8 44. Ne6 Rxc4 45. Rxg7+ Kh8 46. Rg6 b5 47.
Rxh6+ Kg8 48. Rg6+ Kf7 49. Ng5+ Kf8 50. h6 Rc2+ 51. Ke3 Rh2 52. h7 Ke7 53. Rg8 1-0

[Event "Graz Casino Open 2014"]
[Site "Graz AUT"]
[Date "2014.02.15"]
[Round "2.4"]
[White "Prosviriakov, Vladimir"]
[Black "Kozul, Zdenko"]
[Result "0-1"]
[WhiteTitle "IM"]
[BlackTitle "GM"]
[WhiteElo "2268"]
[BlackElo "2588"]
[WhiteFideId "2004860"]
[BlackFideId "14502879"]
[EventDate "2014.02.14"]

1. d4 Nf6 2. Bg5 c6 3. Bxf6 exf6 4. e3 d5 5. Bd3 f5 6. Qf3 g6 7. Ne2 Nd7 8. c4
dxc4 9. Bxc4 Nf6 10. Nbc3 Bd6 11. Nf4 O-O 12. O-O Re8 13. Rfd1 a6 14. a3 Qe7 15.
Ba2 Ne4 16. Rac1 g5 17. Nh5 Nxc3 18. Rxc3 g4 19. Qe2 Qh4 20. Ng3 f4 21. Nf1 Bf5
22. Bb1 Bxb1 23. Rxb1 Rad8 24. e4 h5 25. e5 Bb8 26. Qe4 Qg5 27. Re1 Ba7 28. Rd3
f5 29. Qe2 Bxd4 30. Qd1 c5 31. e6 Qf6 32. b4 b6 33. bxc5 bxc5 34. Qb3 Rd6 35.
Rd2 Kg7 36. Rde2 Re7 37. Kh1 h4 38. h3 c4 39. Qxc4 gxh3 40. Qb3 hxg2+ 41. Kxg2
Bc3 42. Rc1 Rd3 43. f3 h3+ 44. Kh1 Qd4 45. Nh2 Bd2 46. Rxd2 Rxd2 47. Rg1+ Rg2
48. Rxg2+ hxg2+ 49. Kxg2 Qd2+ 0-1

[Event "Graz Casino Open 2014"]
[Site "Graz AUT"]
[Date "2014.02.15"]
[Round "2.5"]
[White "Aschenbrenner, Robert"]
[Black "Felgaer, Ruben"]
[Result "0-1"]
[WhiteTitle "FM"]
[BlackTitle "GM"]
[WhiteElo "2265"]
[BlackElo "2569"]
[WhiteFideId "1608797"]
[BlackFideId "107069"]
[EventDate "2014.02.14"]

1. d4 Nf6 2. Nf3 c5 3. dxc5 e6 4. a3 Bxc5 5. b4 Be7 6. Bb2 O-O 7. Nbd2 b6 8. e4
d6 9. Bd3 Bb7 10. Qe2 Nbd7 11. O-O Qc7 12. c4 Ng4 13. Rac1 Bf6 14. Nd4 Nge5 15.
Bb1 a6 16. f4 Ng6 17. f5 exf5 18. exf5 Nge5 19. Qh5 Rfe8 20. Ne4 Nd3 21. Ne6
fxe6 22. Nxf6+ Nxf6 23. Bxf6 Nxc1 24. fxe6 gxf6 25. Rxf6 Re7 0-1

[Event "Graz Casino Open 2014"]
[Site "Graz AUT"]
[Date "2014.02.15"]
[Round "2.6"]
[White "Can, Emre"]
[Black "Martinez Reyes, Pedro Ramon"]
[Result "1-0"]
[WhiteTitle "GM"]
[BlackTitle "CM"]
[WhiteElo "2520"]
[BlackElo "2266"]
[WhiteFideId "6302181"]
[BlackFideId "3901807"]
[EventDate "2014.02.14"]

1. c4 e6 2. g3 d5 3. Bg2 Nf6 4. Nf3 Be7 5. O-O O-O 6. d4 dxc4 7. Qa4 a6 8. Qxc4
b5 9. Qc2 Bb7 10. Bd2 Nc6 11. e3 Nb4 12. Bxb4 Bxb4 13. a3 Bd6 14. Nbd2 Rc8 15.
b4 a5 16. e4 Be7 17. Rab1 axb4 18. axb4 Ra8 19. Rfe1 Ra4 20. Qc3 Nd7 21. Rec1 c6
22. Ne1 e5 23. dxe5 Nxe5 24. Qxe5 Bf6 25. Qc5 Qxd2 26. e5 Bd8 27. Bxc6 Bxc6 28.
Qxc6 Rxb4 29. Nf3 1-0

[Event "Graz Casino Open 2014"]
[Site "Graz AUT"]
[Date "2014.02.15"]
[Round "2.7"]
[White "Spindelboeck, Gernot"]
[Black "Schreiner, Peter"]
[Result "1/2-1/2"]
[BlackTitle "IM"]
[WhiteElo "2253"]
[BlackElo "2487"]
[WhiteFideId "1604511"]
[BlackFideId "1621645"]
[EventDate "2014.02.14"]

1. d4 Nf6 2. Nf3 g6 3. c4 Bg7 4. Nc3 d5 5. cxd5 Nxd5 6. e4 Nxc3 7. bxc3 c5 8.
Be3 Qa5 9. Nd2 cxd4 10. Nc4 Qd8 11. cxd4 O-O 12. Rb1 b6 13. Be2 Bb7 14. f3 f5
15. Qb3 Kh8 16. exf5 Rxf5 17. Ne5 Bd5 18. Bc4 Bxc4 19. Qxc4 Qg8 20. Rc1 Bxe5 21.
dxe5 Qxc4 22. Rxc4 Nd7 23. f4 Nc5 24. Bxc5 bxc5 25. g4 Rff8 26. Kd2 Rab8 27.
Rhc1 Rb2+ 28. R1c2 Rb1 29. Rc1 Rb2+ 30. R1c2 Rb1 31. Rc1 1/2-1/2

[Event "Graz Casino Open 2014"]
[Site "Graz AUT"]
[Date "2014.02.15"]
[Round "2.8"]
[White "Barbosa, Evandro Amorim"]
[Black "Kopinits, Anna-Christina"]
[Result "1-0"]
[WhiteTitle "IM"]
[BlackTitle "WIM"]
[WhiteElo "2459"]
[BlackElo "2260"]
[WhiteFideId "2115824"]
[BlackFideId "1614142"]
[EventDate "2014.02.14"]

1. e4 e5 2. Nf3 Nc6 3. Bb5 a6 4. Ba4 Nf6 5. O-O Be7 6. Re1 b5 7. Bb3 d6 8. c3
O-O 9. h3 Nb8 10. d4 Nbd7 11. c4 c5 12. dxe5 Nxe5 13. Nxe5 dxe5 14. Nc3 Rb8 15.
Qe2 Bb7 16. cxb5 axb5 17. Nxb5 Nxe4 18. Be3 Bg5 19. Rad1 Qb6 20. Bxg5 Nxg5 21.
Nd6 Qc6 22. Nxb7 Qxb7 23. Qxe5 Ne6 24. Bxe6 fxe6 25. Qxe6+ Qf7 26. Qxf7+ Rxf7
27. Rd2 c4 28. Rc1 Rb4 29. a3 Ra4 30. Rd8+ Rf8 31. Rxf8+ Kxf8 32. Kf1 Ke7 33.
Ke2 Ke6 34. Kd2 Kd5 35. Kc3 Ra7 36. Rd1+ Kc5 37. Rd4 1-0

[Event "Graz Casino Open 2014"]
[Site "Graz AUT"]
[Date "2014.02.15"]
[Round "2.9"]
[White "Ankit, R. Rajpara"]
[Black "Wittmann, Walter"]
[Result "1-0"]
[WhiteTitle "IM"]
[BlackTitle "IM"]
[WhiteElo "2455"]
[BlackElo "2218"]
[WhiteFideId "5023335"]
[BlackFideId "1600060"]
[EventDate "2014.02.14"]

1. e4 c5 2. Nf3 Nc6 3. Bb5 d6 4. O-O Bd7 5. Re1 a6 6. Bf1 Nf6 7. c3 Bg4 8. h3
Bh5 9. g4 Bg6 10. d4 e5 11. d5 Nb8 12. Nbd2 Nbd7 13. a4 h5 14. g5 Nh7 15. h4 f6
16. Nc4 Be7 17. gxf6 Ndxf6 18. Nfxe5 dxe5 19. d6 Nxe4 20. Nxe5 Nxf2 21. d7+ Kf8
22. Nxg6+ Kg8 23. Bc4# 1-0

[Event "Graz Casino Open 2014"]
[Site "Graz AUT"]
[Date "2014.02.15"]
[Round "2.10"]
[White "Neuschmied, Siegfried"]
[Black "Santiago, Yago De Moura"]
[Result "0-1"]
[WhiteTitle "FM"]
[BlackTitle "IM"]
[WhiteElo "2212"]
[BlackElo "2451"]
[WhiteFideId "1602446"]
[BlackFideId "2103877"]
[EventDate "2014.02.14"]

1. e4 e6 2. d4 d5 3. Nd2 Nc6 4. Ngf3 Nf6 5. e5 Nd7 6. Bd3 Nb4 7. Be2 c5 8. c3
Nc6 9. Nf1 f6 10. exf6 Nxf6 11. Ng3 Bd6 12. O-O O-O 13. c4 Nxd4 14. Nxd4 cxd4
15. Qxd4 e5 16. Qh4 d4 17. Bd3 Be6 18. Bg5 Qd7 19. Rae1 h6 20. Bxf6 Rxf6 21. Nh5
Rf7 22. b3 Be7 23. Qg3 Bg4 24. Bg6 Rff8 25. Qxe5 Bb4 26. Re4 Bxh5 27. Rxd4 Qxd4
28. Qxd4 Bxg6 29. c5 a5 30. Qd5+ Kh7 31. h4 Rad8 32. Qxb7 Bxc5 33. Qc7 Bxf2+ 34.
Kh2 Rd4 35. Rxf2 Rxf2 36. Qxa5 Rg4 0-1

[Event "Graz Casino Open 2014"]
[Site "Graz AUT"]
[Date "2014.02.15"]
[Round "2.11"]
[White "Haznedaroglu, Kivanc"]
[Black "Bachler, Reinhard"]
[Result "1-0"]
[WhiteTitle "GM"]
[WhiteElo "2437"]
[BlackElo "2205"]
[WhiteFideId "6300634"]
[BlackFideId "1600273"]
[EventDate "2014.02.14"]

1. e4 c5 2. Nf3 d6 3. d4 cxd4 4. Nxd4 Nf6 5. Nc3 a6 6. Bg5 e6 7. f4 Be7 8. Qf3
Qc7 9. O-O-O Nc6 10. Nxc6 Qxc6 11. Bd3 h6 12. Bh4 Rg8 13. Rhe1 g5 14. fxg5 hxg5
15. Bg3 g4 16. Qf2 Nh5 17. Rf1 Rg7 18. e5 d5 19. Bh4 Qc5 20. Qe1 Bxh4 21. Qxh4
Qe3+ 22. Kb1 Qg5 23. Qe1 Bd7 24. Qf2 Bc6 25. Qd4 Kf8 26. g3 Kg8 27. Rf2 f5 28.
exf6 e5 29. Qc5 Nxf6 30. Rf5 Nd7 31. Rxg5 Nxc5 32. Rxe5 Nxd3 33. Rxd3 Rf8 34. b3
Rf2 35. Nxd5 Rxh2 36. Ne7+ Kf7 37. Nxc6 bxc6 38. Rd7+ Kf6 39. Rxg7 Kxe5 40. Rxg4
Rg2 1-0

[Event "Graz Casino Open 2014"]
[Site "Graz AUT"]
[Date "2014.02.15"]
[Round "2.12"]
[White "Berchtenbreiter, Maximilian"]
[Black "Kravanja, Georg"]
[Result "1/2-1/2"]
[WhiteTitle "IM"]
[WhiteElo "2421"]
[BlackElo "2184"]
[WhiteFideId "24641120"]
[BlackFideId "1622366"]
[EventDate "2014.02.14"]

1. e4 c6 2. d4 d5 3. exd5 cxd5 4. c4 Nf6 5. Nc3 Nc6 6. cxd5 Nxd5 7. Bb5 Nxc3 8.
bxc3 Qd5 9. Be2 Qxg2 10. Bf3 Qg6 11. Ne2 e5 12. d5 Na5 13. Qa4+ Bd7 14. Qxa5 Qd3
15. d6 Qxf3 16. Qxe5+ Be6 17. Rg1 O-O-O 18. Ba3 Qd5 19. Qxd5 Bxd5 20. Nd4 Bxd6
21. Bxd6 Rxd6 22. a4 Rg6 23. Kd2 Rxg1 24. Rxg1 g6 25. f4 Re8 26. c4 Bc6 27. Kd3
Be4+ 28. Kd2 Bc6 29. Kd3 Kd7 30. a5 Kc7 31. h4 Be4+ 32. Kd2 Bc6 33. Kd3 Kd6 34.
Ra1 Kc5 35. Nxc6 Kxc6 36. Rb1 f5 37. h5 Rg8 38. hxg6 hxg6 39. Rh1 Rd8+ 40. Kc3
Re8 41. Kb4 a6 42. Rh6 Re6 43. Rh8 Re1 44. Rc8+ Kd6 45. Rd8+ Kc7 46. Rg8 Rf1 47.
Rg7+ Kb8 48. Kc5 Ka7 49. Kd5 Rd1+ 50. Kc5 Rf1 51. Kd5 Rd1+ 52. Ke5 Re1+ 1/2-1/2

[Event "Graz Casino Open 2014"]
[Site "Graz AUT"]
[Date "2014.02.15"]
[Round "2.13"]
[White "Bjerke, Silje"]
[Black "Freitag, Manfred"]
[Result "0-1"]
[WhiteTitle "WIM"]
[BlackTitle "IM"]
[WhiteElo "2181"]
[BlackElo "2395"]
[WhiteFideId "1502786"]
[BlackFideId "1602004"]
[EventDate "2014.02.14"]

1. e4 c5 2. Nf3 d6 3. d4 cxd4 4. Nxd4 Nf6 5. Nc3 a6 6. Be2 e5 7. Nb3 Be7 8. Be3
Be6 9. Nd5 Nbd7 10. Qd3 Bxd5 11. exd5 Nc5 12. Nxc5 dxc5 13. Bf3 Bd6 14. g4 O-O
15. g5 e4 16. Bxe4 Nxe4 17. Qxe4 Re8 18. Qg4 Qa5+ 19. c3 Re5 20. O-O Rxd5 21. c4
Re5 22. Qd7 Qb6 23. Rad1 Rd8 24. Qg4 Qc7 25. h4 Rde8 26. Qh3 Re4 27. b3 b5 28.
cxb5 axb5 29. Rd5 c4 30. Rxb5 c3 31. Bc1 Qc6 32. Ra5 c2 33. Qf3 Bh2+ 34. Kh1 Bc7
35. Rf5 Rxh4+ 36. Kg1 Qd6 37. Qg3 Rg4 38. Qxg4 Qh2# 0-1

[Event "Graz Casino Open 2014"]
[Site "Graz AUT"]
[Date "2014.02.15"]
[Round "2.14"]
[White "Baldauf, Marco"]
[Black "Perhinig, Robert"]
[Result "1-0"]
[WhiteTitle "FM"]
[BlackTitle "FM"]
[WhiteElo "2396"]
[BlackElo "2273"]
[WhiteFideId "4688210"]
[BlackFideId "1602888"]
[EventDate "2014.02.14"]

1. c4 Nf6 2. Nc3 e6 3. d4 Bb4 4. f3 d5 5. a3 Bxc3+ 6. bxc3 c5 7. cxd5 Nxd5 8.
dxc5 Qa5 9. e4 Nf6 10. Be3 Nfd7 11. Qb3 Qc7 12. a4 O-O 13. Qa3 b6 14. a5 bxc5
15. a6 c4 16. Qa5 Qxa5 17. Rxa5 Nc6 18. Ra2 Nde5 19. Ne2 Nd3+ 20. Kd2 Rb8 21.
Nd4 Nxd4 22. Bxd4 e5 23. Bxa7 Ra8 24. Bxd3 Rd8 25. Bd4 Rxa6 26. Bxc4 Rxa2+ 27.
Bxa2 exd4 28. c4 Be6 29. Kd3 Kf8 30. Rb1 g6 31. Rb4 h5 32. Bb3 Ra8 33. Ba4 Ke7
34. Kxd4 Rd8+ 35. Kc3 Kd6 36. f4 Kc7 37. Bc2 Bd7 38. Ba4 Be6 39. c5 Bd7 40. Bxd7
Rxd7 41. Rd4 Re7 42. e5 Re8 43. Rd6 Ra8 44. Rf6 Ra2 45. Rxf7+ Kc6 46. Rf6+ Kxc5
47. Rxg6 Ra3+ 48. Kb2 Re3 49. g3 Kd4 50. Rd6+ Ke4 51. e6 h4 52. e7 Kf5 53. Rd5+
Kf6 54. Re5 1-0

[Event "Graz Casino Open 2014"]
[Site "Graz AUT"]
[Date "2014.02.15"]
[Round "2.15"]
[White "Schweitzer, Werner"]
[Black "Schnider, Gert"]
[Result "1/2-1/2"]
[BlackTitle "FM"]
[WhiteElo "2055"]
[BlackElo "2378"]
[WhiteFideId "1622927"]
[BlackFideId "1606310"]
[EventDate "2014.02.14"]

1. g3 d5 2. Nf3 Nf6 3. Bg2 c6 4. c4 Bf5 5. cxd5 cxd5 6. O-O Nc6 7. d4 e6 8. Nc3
Be7 9. Qb3 Qd7 10. Bf4 O-O 11. Rac1 Ne4 12. Nxe4 Bxe4 13. Rfd1 f6 14. Bh3 Rac8
15. Qa4 Bg6 16. b4 a6 17. a3 Bh5 18. Qb3 g5 19. g4 Bxg4 20. Bxg4 gxf4 21. Kh1
Kh8 22. Qd3 Rg8 23. Rg1 Na7 24. Qd2 Bd6 25. e3 Rxc1 26. Qxc1 f5 27. Bh3 Rxg1+
28. Kxg1 Nc6 29. exf4 Qg7+ 30. Bg2 Qh6 31. Ne5 Bxe5 32. dxe5 Kg7 33. Qe3 Qh4 34.
Qb6 Qe7 35. Kf1 Qd7 36. Ke2 Ne7 37. Qd4 Qc6 38. Kd2 Qb5 39. Qd3 Qxd3+ 40. Kxd3
Ng6 41. Ke3 Kf7 42. Bf1 Ke7 43. Be2 Kd7 44. a4 Kc7 45. Bf1 Ne7 46. Be2 Nc6 47.
b5 axb5 48. Bxb5 Kb6 49. Kd3 Kc5 50. Kc3 h6 51. h4 d4+ 52. Kb3 b6 53. Bxc6 Kxc6
54. Kc4 b5+ 55. axb5+ Kb6 1/2-1/2

[Event "Graz Casino Open 2014"]
[Site "Graz AUT"]
[Date "2014.02.15"]
[Round "2.16"]
[White "Singer, Richard"]
[Black "Legenstein, Robert"]
[Result "1/2-1/2"]
[WhiteTitle "FM"]
[WhiteElo "2247"]
[BlackElo "2050"]
[WhiteFideId "1602810"]
[BlackFideId "1619667"]
[EventDate "2014.02.14"]

1. d4 d5 2. Nf3 Nf6 3. c4 dxc4 4. e3 e6 5. Bxc4 c5 6. O-O a6 7. dxc5 Qxd1 8.
Rxd1 Bxc5 9. Be2 O-O 10. Ne5 Nbd7 11. Nd3 Be7 12. f3 b6 13. e4 Bb7 14. Nc3 Nc5
15. Ne5 Rfd8 16. Be3 Rxd1+ 17. Rxd1 Rd8 18. Rc1 Nfd7 19. Nc4 b5 20. Na5 Ba8 21.
b4 Na4 22. a3 Nab6 23. Nxb5 axb5 24. Bxb5 Rb8 25. Bf4 e5 26. Bg3 Bf8 27. Rc7 Rd8
28. Bf2 Bd6 29. Rc1 Kf8 30. Be3 Ke7 31. Nc4 1/2-1/2

[Event "Graz Casino Open 2014"]
[Site "Graz AUT"]
[Date "2014.02.15"]
[Round "2.17"]
[White "Horvath, Reka"]
[Black "Jicman, Ligia-Letitia"]
[Result "1-0"]
[BlackTitle "WIM"]
[WhiteElo "2034"]
[BlackElo "2166"]
[WhiteFideId "724971"]
[BlackFideId "1201581"]
[EventDate "2014.02.14"]

1. e4 c5 2. b3 Nc6 3. Bb2 d6 4. Nf3 Nf6 5. Nc3 a6 6. Be2 Nd4 7. O-O e5 8. d3 g6
9. Nxd4 cxd4 10. Nb1 Bg7 11. Nd2 O-O 12. Rc1 d5 13. c3 dxc3 14. Rxc3 b5 15. Qc2
Be6 16. Nf3 d4 17. Rc7 Nh5 18. g3 f5 19. Qc6 Re8 20. exf5 gxf5 21. Nxd4 Bd5 22.
Rd7 Bxc6 23. Rxd8 Nxg3 24. Rxe8+ Rxe8 25. fxg3 exd4 26. Bh5 Re3 27. Rc1 Re6 28.
Rc5 Be5 29. Kf2 Kf8 30. Ba3 Kg7 31. Bb2 Kh6 32. Bf7 Bd6 33. Rxf5 Re7 34. Rf6+
Kg5 35. Bxd4 Bb4 36. h4+ Kg4 37. Be6+ Kh5 38. Be3 Rxe6 39. Rxe6 Bd7 40. Rh6+ Kg4
41. Rxh7 Bf5 42. Rg7+ Kh3 43. h5 Bxd3 44. h6 Bc3 45. Ra7 Be5 46. Kf3 b4 47. h7
Bb5 48. h8=Q+ 1-0

[Event "Graz Casino Open 2014"]
[Site "Graz AUT"]
[Date "2014.02.15"]
[Round "2.18"]
[White "Titz, Heimo"]
[Black "Hocevar, Nikola"]
[Result "1/2-1/2"]
[WhiteTitle "FM"]
[WhiteElo "2165"]
[BlackElo "2016"]
[WhiteFideId "1601520"]
[BlackFideId "14601524"]
[EventDate "2014.02.14"]

1. Nf3 c5 2. c4 Nc6 3. Nc3 g6 4. e3 e5 5. d4 exd4 6. exd4 Bg7 7. d5 Ne5 8. Nxe5
Bxe5 9. Bd3 d6 10. O-O f5 11. Re1 Kf7 12. Bd2 Bd7 13. a3 Qf6 14. Qc2 Ne7 15.
Rab1 Rhe8 16. b4 b6 17. bxc5 dxc5 18. a4 Nc8 19. a5 Rb8 20. Na4 Qd6 21. g3 Bxa4
22. Qxa4 Rb7 23. axb6 axb6 24. Re2 Qd7 25. Qc2 Bf6 26. Rbe1 Rxe2 27. Rxe2 Qd8
28. Bc3 Re7 29. Bxf6 Kxf6 30. Qc3+ Kf7 31. Re5 Qd6 32. f4 Qf6 33. Qe1 Nd6 34.
Kg2 Kf8 35. Rxe7 Qxe7 36. Qe5 Nf7 37. Qb8+ Qd8 38. Qa7 Qf6 39. Qc7 Qd6 40. Qa7
Qf6 41. Qc7 Qd6 42. Qc8+ Kg7 43. Be2 Qf6 44. Qc7 Qd6 45. Qc8 Qf6 1/2-1/2

[Event "Graz Casino Open 2014"]
[Site "Graz AUT"]
[Date "2014.02.15"]
[Round "2.19"]
[White "Froewis, Annika"]
[Black "Ernst, Michael"]
[Result "1-0"]
[WhiteElo "2021"]
[BlackElo "2163"]
[WhiteFideId "1621432"]
[BlackFideId "1618393"]
[EventDate "2014.02.14"]

1. e4 e6 2. d4 d5 3. Nc3 Bb4 4. e5 b6 5. a3 Bf8 6. h4 Ne7 7. Nf3 Qd7 8. Bb5 c6
9. Bd3 Ba6 10. h5 h6 11. Be3 Bxd3 12. Qxd3 Nf5 13. g4 Nxe3 14. fxe3 c5 15. e4 c4
16. Qe2 Nc6 17. O-O-O Rb8 18. exd5 exd5 19. Nh4 Be7 20. Nf5 Bg5+ 21. Kb1 O-O 22.
Qf3 Rbd8 23. Nd6 Be7 24. Qxd5 Bxd6 25. exd6 Qxd6 26. Qxc4 Rc8 27. d5 Ne5 28. Qe2
Nc4 29. Qd3 Rfd8 30. Rhe1 Qf6 31. Ka2 b5 32. Qd4 Qa6 33. Re7 b4 34. Rxa7 Qd6 35.
Ne4 Qh2 36. Rf1 Qxc2 37. Qxg7+ Kxg7 38. Rfxf7+ Kh8 39. Rh7+ Kg8 40. Nf6+ Kf8 41.
Rh8# 1-0